Footballing Last Names in the English Language - Statistics

General Stats
  • This quiz has been taken 24 times
    15 since last reset
  • The average score is 8 of 15
Answer Stats
Hint Answer % Correct
Welsh all-time top goalscorer and 5 time UCL winner Gareth Bale
92%
Northern Irish winger and Man United legend George Best
92%
Player in the thumbnail Declan Rice
77%
Senegalese forward who won the UCL with Liverpool Sadio Mane
77%
Premier League all time top scorer Alan Shearer
69%
English all time top scorer who famously has not won the Premier League Harry Kane
69%
Goalkeeper who was famously beaten by Ronaldinho at the 1998 World Cup David Seaman
62%
Two iconic World Cup winners share this common German name Gerd Muller/Thomas Muller
62%
Made a famous save against Pele at the 1970 World Cup Gordon Banks
54%
The only goalkeeper to win Player of the Tournament at a World Cup Oliver Kahn
46%
Belgian winger who scored to ensure Leicester won the league in 2016 Eden Hazard
38%
Tottenham center-back and one club man Ledley King
23%
American midfielder who plays for Real Salt Lake Diego Luna
15%
A misleading name for one of the fastest players in Premier League History Kyle Walker
15%
Ironic name for a longstanding Premier League player Ashley Young
8%
No matching quizzes found
Score Distribution
Percent of People with Each Score
Percentile by Number Answered
Your Score History
You have not taken this quiz since the last reset